00629nam a2200169 a 4500001000500000005001700005008004100022020001800063050002200081245007400103260004500177300001700222500002000239650005800259999001900317952012300336293520140414131933.0051130s19uu xx 00 eng d a0-590-25271-2 aREF 423bSc6 1996 aScholastic children's dictionary /cby the Editors of Scholastic Inc. aNew York :bScholastic Reference,c1996. a648 p. ; cm. aIncludes index. aEnglish language - Dictionaries.xJuvenile literature c112324d112324 00104050aMUbMUcREFd2005-11-30eDonationg685.00l0oREF 423 Sc6 1996pM3585r2014-04-14 00:00:00w2014-04-14yBK